[Event "TUR-ch"]
[Site "Kemer"]
[Date "2012.01.31"]
[Round "5"]
[White "Okus, Melih"]
[Black "Ari, Lokman"]
[Result "1-0"]
[WhiteElo "1969"]
[BlackElo "1809"]
[PlyCount "63"]
[EventDate "2012.01.29"]
[EventType "swiss"]
[EventRounds "10"]
[EventCountry "TUR"]
[SourceTitle "CBM 146 Extra"]
[Source "ChessBase"]
[SourceDate "2012.02.29"]
[SourceVersion "1"]
[SourceVersionDate "2012.02.29"]
[SourceQuality "1"]

1. e4 e5 2. Nf3 Nc6 3. d4 exd4 4. Bc4 Be7 5. 0-0 d6 6. Nxd4 Nf6 7. Nc3 0-0 8. Bb3 a6 9. a4 Na5 10. Ba2 c5 11. Nf5 Bxf5 12. exf5 Nc6 13. Nd5 Nxd5 14. Bxd5 Qd7 15. Qh5 Bf6 16. Rd1 Rae8 17. c3 Re5 18. Bf4 Rxf5 19. Qg4 h5 20. Qh3 g5 21. Be4 g4 22. Bxf5 Qxf5 23. Qe3 Ne5 24. Bh6 Re8 25. Qf4 Qe6 26. Re1 Kh7 27. Bg5 Kg6 28. Qxf6+ Qxf6 29. Bxf6 Kxf6 30. Rad1 Rd8 31. Rd5 Ke6 32. Rexe5+ 1-0